| 000 | 01032nam a22002537a 4500 | ||
|---|---|---|---|
| 005 | 20170124103157.0 | ||
| 010 | _aB-074143 | ||
| 020 | _c195.00 | ||
| 035 | _aB-074143 | ||
| 037 | _bCen Lib/Ret | ||
| 040 |
_aDPL _bHN |
||
| 082 |
_a181.4 _bसत्यपा |
||
| 100 |
_aसत्यपाल सिंह _990346 |
||
| 245 |
_aतलाश - इन्शान की / _cसत्यपाल सिंह |
||
| 246 |
_aTlash insan ki _bby Satypal Singh |
||
| 260 |
_aदिल्ली _bसंस्कार प्रकाशन _c2001 |
||
| 270 |
_a4408, नई सड़क _bदिल्ली _e110006 |
||
| 300 |
_ax,226पृष्ठ. : _c21सेमी(सजिल्द) _bचित्र. |
||
| 650 |
_aभौतिकवादी दर्शन शास्त्र _946691 |
||
| 650 |
_aदर्शन - उपनिषद _990347 |
||
| 650 |
_aMaterialist philosophy _990348 |
||
| 650 |
_aPhilosophy - Upanishads _990349 |
||
| 942 |
_2ddc _cHN _h181.4 _mसत्यपा |
||
| 999 |
_c120423 _d120423 |
||